Teaching effectiveness: its meaning, assessment, and improvement

Uloženo v:
Podrobná bibliografie
Hlavní autoři: Madan, Mohan (autor), Hull, Ronald E (Autor)
Médium: Kniha
Jazyk:angličtina
Vydáno: Englewood Cliffs Educational Technology Publications 1975
Témata:
Tagy: Přidat tag
Žádné tagy, Buďte první, kdo vytvoří štítek k tomuto záznamu!

MARC

LEADER 00000nam a2200000 a 4500
001 UCU1593
003 CL-VaPUC
008 960409e19750000US |||||||||||||||||eng|d
082 0 4 |a 371.12  |b MAD  |2 21 
100 |a Madan, Mohan  |e autor  |9 357251 
700 0 |a Hull, Ronald E  |e author  |9 357252 
245 1 0 |a Teaching effectiveness: its meaning, assessment, and improvement 
300 |a 311 p 
942 |c BK 
945 |d 19960409 00:00:00  |a lriquelm 
260 |a Englewood Cliffs  |b Educational Technology Publications  |c 1975 
650 0 |a Profesores   |9 308968 
650 7 |a CALIFICACIONES DEL PROFESOR  |2 CL-VaPUC  |9 357253 
650 0 |a Formación profesional de profesores  |9 307493 
650 7 |a COMPORTAMIENTO DEL DOCENTE  |2 CL-VaPUC  |9 339293 
583 |a last modification  |c 20160307 12:40:12  |k Rodrigo Vera 
999 |c 246154  |d 246152 
952 |0 0  |1 0  |4 0  |6 371_120000000000000_MAD_1975  |7 0  |8 P  |9 260903  |a BIBEDU  |b BIBEDU  |c BIBEDU_PB  |d 2019-11-19  |i 2013312  |o 371.12 MAD 1975  |p 2013312  |r 2019-11-19  |w 2019-11-19  |y BK  |k EDU